| 000 | 00318nam a2200109 4500 | ||
|---|---|---|---|
| 999 |
_c11097 _d11097 |
||
| 008 | 181012b ||||| |||| 00| 0 eng d | ||
| 245 | _a'No ID, no entry' re-implemented in Cotabato City. | ||
| 260 |
_aDavao City _bSun Star Davao _cc2018 |
||
| 300 | _apage 7. | ||
| 650 | 0 |
_932113 _aTraffic regulations. |
|
| 942 |
_2ddc _cPER |
||